000 00474nam a2200181Ia 4500
005 20250508160805.0
008 008 250505s9999 xx 000 0 hin d
037 _aTextual
040 _aFEDL
_beng
_cFEDL
041 _ahin
_2hin
084 _a915.4, CHO
_qFEDL
100 _aChopra Sudarshan
_9625672
245 0 _aPanjab
260 _aDelhi, India
_bRajpal and Sons
_c1973
300 _a104p.
942 _cTEXL
_h915.4, CHO
999 _c1366648
_d1366648